MARC

LEADER 00000nam0a2200000 4500
001 371659
005 20231102012412.0
035 |a (RuTPU)RU\TPU\retro\29069 
090 |a 371659 
100 |a 20221101d1978 k y0rusy50 ca 
101 0 |a rus 
102 |a RU 
105 |a a z 001zy 
200 1 |a Минералогия Прибайкалья  |d Mineralogy of Cisbaikalia  |e путеводитель Байкальской экскурсии XI-ого съезда Международной минералогической ассоциации  |f Академия наук СССР, Сибирское отделение, Институт геохимии им. А. П. Виноградова 
210 |a Иркутск  |d 1978 
215 |a 223 с.  |c ил. 
320 |a Библиогр. в конце докл. 
510 1 |a Mineralogy of Cisbaikalia  |z eng 
606 1 |a Минералогия  |y Прибайкалье и Забайкалье  |2 stltpush  |3 (RuTPU)RU\TPU\subj\72182  |9 85754 
606 1 |a Геологические экскурсии  |2 stltpush  |3 (RuTPU)RU\TPU\subj\6090  |9 34049 
610 1 |a геологическая характеристика 
610 1 |a петрографическая характеристика 
610 1 |a минералогическая характеристика 
610 1 |a Байкальская экскурсия 
610 1 |a Слюдянский район 
610 1 |a стратиграфия 
610 1 |a минералы 
610 1 |a метаморфические породы 
610 1 |a гранулитовая фация 
610 1 |a карбонатные породы 
610 1 |a карбонатно-силикатные минералы 
610 1 |a магнезиальные скарны 
610 1 |a породообразующие минералы 
610 1 |a граниты 
610 1 |a волластониты 
610 1 |a пегматиты 
675 |a 549(571.5)  |v 4 
675 |a 55(571.5)  |v 4 
712 0 2 |a Академия наук СССР  |b Сибирское отделение  |b Институт геохимии им. А. П. Виноградова  |c (Иркутск)  |2 stltpush  |3 (RuTPU)RU\TPU\col\1687  |9 23589 
801 1 |a RU  |b 63413507  |c 20221101 
942 |c BK